00290nam a2200109Ia 4500008004100000082001400041100001800055245003300073260003200106300000900138650003300147191201s2019 xx 000 0 und d a614.1 KUP aKUCHEKAR, B.S 0aPharmaceutical Jurisprudence bNirali PubaNew Delhic2019 aMISC aPharmaceutical Jurisprudence